| 000 | 00402nam a22001577i 4500 | ||
|---|---|---|---|
| 001 | 2308 | ||
| 003 | OSt | ||
| 005 | 20170126082305.0 | ||
| 007 | tu | ||
| 008 | 161220s1975 xxu||||| |||| 00| 0 d | ||
| 024 | 7 |
_a2307 _2RID |
|
| 040 | _cOSt | ||
| 245 | 0 | 0 | _aSüdosteuropa Handbuch - Handbook on South Eastern Europe; Band I:Jugoslawien |
| 260 |
_aGöttingen usw. : _bVandenhoeck & Ruprecht, _c1975. |
||
| 300 | _c21cm | ||
| 942 | _cB | ||
| 999 |
_c2287 _d2287 |
||